000 00668nam a2200253Ia 4500
003 OSt
005 20221007102944.0
006 a|||||r|||| 00| 0
007 ta
008 221006b |||||||| |||| 00| 0 eng d
020 _a8175340304
024 _a11,846
037 _cTextual
040 _aLCO
_cLCO
_beng
041 _2eng
_aeng
082 _aX:5:(Z1), N7
100 _aMarkandeya S.
245 0 _aLaw Relating to Foreign Trade In India
260 _aDelhi
_bUniversal Law Publishing Co. Pvt. Ltd. India
_c1997
300 _a294
650 _aFOREIGN TRADE
942 _hX:5:(Z1), N7
_cTEXL
999 _c1181409
_d1181409